| 000 | 01218cam a2200229 4500 | ||
|---|---|---|---|
| 001 | WB@3612-506 | ||
| 008 | 041014n2004 000 0 eng u | ||
| 035 | _a(Sirsi) u127694 | ||
| 245 | _aKerb appeal | ||
| 260 | _c2004 | ||
| 490 |
_aEstate Agency News _v(205) October 2004, 8(1) |
||
| 520 | _aAccording to a new survey by the property website assertahome.com, the type of vehicle parked on the street or in a driveway can make a marked difference to local property prices. Living next door to a caravan owner or truck driver will adversely affect house prices if they keep these eyesores at home. A HGV lorry parked next door could result in a 16% reduction in property price, a caravan or camper van a 12% drop and white vans an 11% drop. On the flip side of this is that if you live in a street with a Range Rover or 4x4 parked outside, your property could increase by 9%. Kerb-to-kerb prestige cars indicate a super-premium area where house prices are already high. | ||
| 590 | _aWB | ||
| 590 | _aWB | ||
| 650 | _aHOUSING DESIGN | ||
| 650 |
_aRESIDENTIAL PROPERTY _96266 |
||
| 650 | _aPROPERTY VALUES | ||
| 650 | _aHOMEBUYERS | ||
| 650 | _aNEIGHBOURHOOD | ||
| 690 | _aHOUSING-MARKET | ||
| 942 | _n0 | ||
| 999 |
_c118155 _d118155 |
||